000 01107cam a2200277 4500
001 J2022
008 090401t1993 xxu||||| |||| 00| 0 eng d
035 _a(Sirsi) u46791
041 _aeng
050 _a692.8
090 _aJCT 1993/5A
110 _aJoint Contracts Tribunal
_93664
245 _aStandard Form of Agreement for Collateral Warranty MCWa/F for use where a warranty is to be given to a company providing finance (funder) for the proposed building works by a main contractor.
260 _aLondon
_bRIBA Publications Ltd.
_c1993
300 _aPad of 5 sets of 7 page forms ; 30cm.
350 _a14.69
490 _aJCT Standard Form of Agreement for Collateral Warranty 1993 Edition
_vMCWa/F (Funder)
520 _aDeveloped by the British Property Federation and the Building Employers Confederation.
650 _aBPF
650 _aBUILDING EMPLOYERS CONFEDERATION
650 _aBUILT ENVIRONMENT-BUILDING CONTRACT FORMS-CONSTRUCTION COLLATERAL WARRANTY FORMS
650 _aMCWA/F
690 _aBUILT ENVIRONMENT-BUILDING CONTRACT FORMS
942 _n0
948 _c04/03/1997
999 _c92004
_d92004